HANDBOOK of floriculture

Salvato in:
Dettagli Bibliografici
Natura: Libro
Lingua:inglese
Pubblicazione: Discovery Publishing House, 2012.
Tags: Aggiungi Tag
Nessun Tag, puoi essere il primo ad aggiungerne!!

MARC

LEADER 00000nam a22000007a 4500
008 210422b ||||| |||| 00| 0 eng d
020 |a  978-93- 5056-092-1 
245 |a HANDBOOK of floriculture  |c  Pooja  |g 159p. ;ill.  
250 |c  Pooja 
260 |b Discovery Publishing House,  |c 2012.  |h  New Delhi  |i 683746  |l SB405 .P78  |m Flower gardening.  |m Flowers.  |m Plants, Ornamental 
500 |a “It includes bibliographical references and index” 
942 |a lcc  |c BK  |e ADEKANYE, I. H.  |f 22/04/2021 
952 |0 0  |1 0  |2 lcc  |4 0  |6 SB0405 P78  |7 0  |9 2286  |a HOL  |b RF  |c QZ  |d 2021-04-22  |l 0  |o SB405 .P78  |p 2021-6140  |r 2021-04-22 00:00:00  |w 2021-04-22  |y BK 
999 |c 1176  |d 1176